| 000 | 02323cam a22006134i 4500 | ||
|---|---|---|---|
| 003 | PE-LiUPU | ||
| 005 | 20250731170445.0 | ||
| 008 | 150706s r 000 0 d | ||
| 035 | _a(Sirsi) a47020 | ||
| 040 |
_aPE-LiUPU _bspa _cPE-LiUPU _erda |
||
| 049 | _aPRUA | ||
| 082 | 0 | 4 |
_a199.85 _bS18 _221 |
| 100 | 1 |
_aSalazar Bondy, Augusto, _d1925-1974, _eautor. |
|
| 245 | 1 | 0 |
_aDominación y liberación : _bescritos 1966-1974 / _cAugusto Salazar Bondy. |
| 264 | 1 |
_aLima : _bUNMSM, Facultad de Letras y Ciencias Humanas, Fondo Editorial, _c1995. |
|
| 300 |
_a322 páginas ; _c21 cm. |
||
| 336 |
_atext _2rdacontent |
||
| 337 |
_aunmediated _2rdamedia |
||
| 338 |
_avolume _2rdacarrier |
||
| 505 | 0 | _aLa cultura de la dominación -- Filosofía y alineación ideológica -- Cultura y dominación -- Dominación, valores y formación humana -- Filosofía de la dominación y filosofía de la liberación -- Diálogo sobre dominación y liberación -- El pensamiento latinoamericano en el contexto del tercer mundo -- Bartolomé o de la dominación -- Carácter y problema de la educación -- Antropología de la dominación. | |
| 526 | _aSEG68 | ||
| 526 | _aSEG70 | ||
| 526 | _aSEG69 | ||
| 526 | _aSEG67 | ||
| 526 | _aSEG43 | ||
| 526 | _aP144 | ||
| 526 | _aP143 | ||
| 526 | _aP131 | ||
| 526 | _aP122 | ||
| 526 | _aP120 | ||
| 526 | _aP117 | ||
| 526 | _aP112 | ||
| 526 | _aP110 | ||
| 526 | _aP106 | ||
| 526 | _aP101 | ||
| 526 | _aP80 | ||
| 526 | _aP59 | ||
| 526 | _aP54 | ||
| 526 | _aP35 | ||
| 526 | _aP33 | ||
| 526 | _aP30 | ||
| 600 | 1 |
_aLas Casas, Bartolomé de, Obispo de Chiapas _y1474-1566 |
|
| 650 | 0 | 4 |
_aEnsayos filosóficos _zPerú. |
| 650 | 0 | 4 |
_aEducación _xFilosofía. _91161 |
| 651 |
_aPerú _xHistoria _xFilosofía. |
||
| 700 | 1 |
_aOrvig, Helen, _d1929- , _eed. |
|
| 910 | _a | ||
| 942 |
_2ddc _cBOOK |
||
| 949 |
_a199.85 S18 _wDEWEY _c1 _i59560 _lCCODEBUL1 _mBUL _p05.00 _r0 _sY _tLIBRO _u2015-07-06 _xBIBLIOTECA _zUNKNOWN _o.STAFF. Colección General |
||
| 994 |
_aC0 _bPEPRU |
||
| 596 | _a1 | ||
| 999 |
_a199.85 S18 _wDEWEY _c49119 _i59560 _f2021-11-4 _g5 _lCCODEBUL1 _mBUL _p5.00 _r0 _sY _tBOOK _u2015-7-6 _xBIBLIOTECA _zUNKNOWN _0COMPRA _o.STAFF. Colección General _d49119 |
||
| 980 |
_81 _gALBERTO SANCHEZ Responsable de Automatización |
||